Die Mitte der Welt : Roman /

Hlavní autor: Steinhöfel, Andreas, 1962-
Jazyk: Němčina
Vydáno: Hamburg : Carlsen, 2008
Témata:
Fyzický popis: 459 s. ; 22 cm
Knihy
Uloženo v:
LEADER 01013nam a2200289 a 4500
001 001117210
003 CZ BrMZK
005 20101109135126.0
007 ta
008 100921s2008 gw c 000 f ger
020 |a 978-3-551-58197-6  |q (váz.) 
040 |a BOA001  |b cze 
072 7 |a 821-93  |x Literatura pro děti a mládež (beletrie)  |2 Konspekt  |9 26 
072 7 |a 821.112.2-3  |x Německá próza, německy psaná  |2 Konspekt  |9 25 
080 |a 821-93  |2 MRF 
080 |a 821.112.2-31  |2 MRF 
080 |a (0:82-31)  |2 MRF 
100 1 |a Steinhöfel, Andreas,  |d 1962-  |7 xx0017909  |4 aut 
245 1 4 |a Die Mitte der Welt :  |b Roman /  |c Andreas Steinhöfel 
260 |a Hamburg :  |b Carlsen,  |c 2008 
300 |a 459 s. ;  |c 22 cm 
655 7 |a německé romány  |7 fd132945  |2 czenas 
655 7 |a publikace pro mládež  |7 fd133157  |2 czenas 
910 2 |a BOA001  |b NK-0005.849 
990 |a BK 
991 |b 201010  |e db  |x 44 
996 7 |b 261D007849  |c NK-0005.849  |l Německá knihovna/2.patro  |r ZHR  |n 2  |p dar  |h K-ste  |w 001145314  |u 000010  |a 0  |e BOA001  |j MZK50  |s A